000 00843nam a22002777a 4500
003 CHAP
005 20220817041222.0
008 971013s1994 r 00010 d
010 _a8948
011 _a9920
035 _a9156
040 _cCHAP
082 _a633.2
_bI52 1988
110 _aINIFAP. México. Campo Experimental La Laguna
245 _aInforme de investigación en forrajes, 1988
260 _aMatamoros, Coah. :
_bEl Campo,
_c1994
300 _a217 h.
590 _aBATCH-UPD
_b10
_c20130110
_lUCH01
_h2022
590 _aBATCH-UPD
_b10
_c20130410
_lUCH01
_h1340
590 _aBATCH-UPD
_b10
_c20130914
_lUCH01
_h1430
590 _aCONVERSION
_b10
_c20130109
_lUCH01
_h1306
650 1 4 _aForrajes
_xInvestigación.
_942576
901 _aBK
942 _cLIBRO
949 _a633.2 I52 1988
_bBC
_cCONG
_d-102217
_eCONG
_h88156
_i9156
_mD
_si
999 _c8948
_d8948